| 000 | 00000nam 2200000zi 4500 |
| 001 | 9.867899 |
| 003 | CaOODSP |
| 005 | 20221107162433 |
| 006 | m o d f |
| 007 | cr ||||||||||| |
| 008 | 190205s2019 qucd o f000 0 fre d |
| 020 | |a9780660294650 |
| 040 | |aCaOODSP|bfre|erda|cCaOODSP |
| 043 | |an-cn--- |
| 086 | 1 |aEn14-102/2019F-PDF |
| 245 | 00|aDocument d'orientation : |bévaluation des effets environnementaux des rejets thermiques en eau douce / |cDivision des opérations de protection de l’environnement (Ontario), Direction générale de l’intendance environnementale, Environnement et Changement Climatique Canada. |
| 246 | 30|aÉvaluation des effets environnementaux des rejets thermiques en eau douce |
| 264 | 1|aGatineau, Québec : |bEnvironnement et Changement climatique Canada, |c2019. |
| 264 | 4|c©2019 |
| 300 | |a1 ressource en ligne (1 volume en pagination multiple) : |bgraphiques |
| 336 | |atexte|btxt|2rdacontent/fre |
| 337 | |ainformatique|bc|2rdamedia/fre |
| 338 | |aressource en ligne|bcr|2rdacarrier/fre |
| 500 | |aPublié aussi en anglais sous le titre : Guidance document: environmental effects assessment of freshwater thermal discharge. |
| 500 | |a« Février 2019. » |
| 504 | |aComprend des références bibliographiques. |
| 520 | |a« Le présent document d’orientation sur les rejets thermiques en eau douce a été préparé à l’intention des membres du personnel d’Environnement Canada qui participent aux examens effectués dans le cadre des évaluations environnementales (EE) et pour les promoteurs tenus d’effectuer une EE »--Introduction, p. 1. |
| 692 | 07|2gccst|aÉvaluation environnementale |
| 693 | 4|aRejets thermiques en eau douce |
| 710 | 1 |aCanada. |bEnvironnement et changement climatique Canada. |
| 775 | 08|tGuidance document : |w(CaOODSP)9.867894 |
| 795 | |tDocument d'orientation - évaluation des effets environnementaux des rejets thermiques en eau douce / |w(CaOODSP)9.642384 |
| 856 | 40|qPDF|s2.43 Mo|uhttps://publications.gc.ca/collections/collection_2019/eccc/En14-102-2019-fra.pdf |